Seminar on jevenile delinquency role of the police (Record no. 495734)

000 -LEADER
fixed length control field 00343cam a22001097a 4500
008 - FIXED-LENGTH DATA ELEMENTS--GENERAL INFORMATION
fixed length control field 180718b1965 xxu||||| |||| 00| 0 eng d
082 ## - DEWEY DECIMAL CLASSIFICATION NUMBER
Classification number Q87x54 Se52
100 ## - MAIN ENTRY--PERSONAL NAME
Personal name Central Bureau of Investigation
245 ## - TITLE STATEMENT
Title Seminar on jevenile delinquency role of the police
Statement of responsibility, etc. by Central Bureau of Investigation
260 ## - PUBLICATION, DISTRIBUTION, ETC.
Place of publication, distribution, etc. New Delhi
Name of publisher, distributor, etc.
Date of publication, distribution, etc. 1965
300 ## - PHYSICAL DESCRIPTION
Extent v.p.
Holdings
Withdrawn status Lost status Damaged status Not for loan Permanent Location Current Location Date acquired Full call number Barcode Date last seen Price effective from Koha item type
        Indian Institute of Public Administration Indian Institute of Public Administration 2018-08-04 Q87x54 Se52 GG19293 2018-08-04 2018-08-04 GG

Powered by Koha